000 00690nam a2200241Ia 4500
999 _c47045
_d47045
001 13901
003 GE_BSU
005 20221124142429.0
008 181216s2003||||enk|||||||||||||| ||eng||
020 _a1903975735x
040 _cGE_BSU
041 _aeng
080 _a741 F-66
100 _aFletcher, Adelene.
_916038
245 4 _aThe watercolourist's A to Z of trees & foliage.
_cAdelene Fletcher.
264 _aLondon:
_bSearch press,
_c2003.
300 _a128p;
_b29sm.
300 _bill.
653 _aThe watercolourist's A to Z of trees & foliage.
653 _aაკვარელისტი
653 _aხეები და ფოთლები
942 _cBK
_2udc